|
|
|
|
| LEADER |
00712nam a22002172a 4500 |
| 001 |
000432928 |
| 003 |
CZ BrMZK |
| 005 |
20080520145654.0 |
| 008 |
990307s1913 xr f cze d |
| 040 |
|
|
|a BOA001
|b cze
|
| 100 |
1 |
|
|a Aleš, Mikoláš,
|d 1852-1913
|7 jk01010178
|4 aut
|
| 245 |
1 |
0 |
|a Mládeži /
|c Mikoláš Aleš.
|
| 260 |
|
|
|a Praha :
|b Anna Hlavatá,
|c [1913?]
|
| 300 |
|
|
|a 48 s.
|
| 490 |
1 |
|
|a Umělecké snahy ;
|v sv. 2
|
| 830 |
|
0 |
|a Umělecké snahy (A. Hlavatá)
|0 s
|
| 910 |
|
|
|a BOA001
|b PK-0011.214
|
| 964 |
|
|
|a Aleš, Mikoláš - 1852-1913 - ilustrace - výbory pro mládež
|
| 990 |
|
|
|a BK
|
| 993 |
|
|
|a Y
|
| 996 |
6 |
|
|b 3119829437
|c PK-0011.214
|l MZK
|r Sklad / do 1 hodiny
|n 0
|w 000432928
|u 000010
|a 1
|e BOA001
|j MZK50
|s P
|